A philosophical investigation / (Record no. 119637)
[ view plain ]
| 000 -LEADER | |
|---|---|
| fixed length control field | 00712fam a2200265 a 4500 |
| 001 - CONTROL NUMBER | |
| control field | 1355280 |
| 003 - CONTROL NUMBER IDENTIFIER | |
| control field | ARRUPE |
| 005 - DATE AND TIME OF LATEST TRANSACTION | |
| control field | 20140122105544.0 |
| 008 - FIXED-LENGTH DATA ELEMENTS--GENERAL INFORMATION | |
| fixed length control field | 921103s1993 nyu 000 1 eng |
| 010 ## - LIBRARY OF CONGRESS CONTROL NUMBER | |
| LC control number | 92041518 |
| 020 ## - INTERNATIONAL STANDARD BOOK NUMBER | |
| International Standard Book Number | 0374231761 : |
| Terms of availability | $20.00 |
| 035 ## - SYSTEM CONTROL NUMBER | |
| System control number | (OCoLC)27010517 |
| 035 ## - SYSTEM CONTROL NUMBER | |
| System control number | (OCoLC)ocm27010517 |
| 035 ## - SYSTEM CONTROL NUMBER | |
| System control number | (NNC)1355280 |
| 040 ## - CATALOGING SOURCE | |
| Original cataloging agency | DLC |
| Transcribing agency | DLC |
| Modifying agency | DLC |
| 050 00 - LIBRARY OF CONGRESS CALL NUMBER | |
| Classification number | PR6061.E784 |
| Item number | P49 1993 |
| 082 00 - DEWEY DECIMAL CLASSIFICATION NUMBER | |
| Classification number | 823/.914 |
| Edition number | 20 |
| 300 ## - PHYSICAL DESCRIPTION | |
| Dimensions | 24 cm. |
| 100 1# - MAIN ENTRY--PERSONAL NAME | |
| Personal name | Kerr, Philip. |
| 9 (RLIN) | 6888 |
| 245 12 - TITLE STATEMENT | |
| Title | A philosophical investigation / |
| Statement of responsibility, etc | Philip Kerr. |
| 250 ## - EDITION STATEMENT | |
| Edition statement | 1st American ed. |
| 260 ## - PUBLICATION, DISTRIBUTION, ETC. (IMPRINT) | |
| Place of publication, distribution, etc | New York : |
| Name of publisher, distributor, etc | Farrar, Straus, Giroux, |
| Date of publication, distribution, etc | 1993. |
| 300 ## - PHYSICAL DESCRIPTION | |
| Extent | 329 p. ; |
| 942 ## - ADDED ENTRY ELEMENTS (KOHA) | |
| Source of classification or shelving scheme | Library of Congress Classification |
| Koha item type | Monograph ( Printed materials) |
| Withdrawn status | Lost status | Source of classification or shelving scheme | Damaged status | Not for loan | Home library | Current library | Date acquired | Total Checkouts | Full call number | Barcode | Date last seen | Price effective from | Koha item type |
|---|---|---|---|---|---|---|---|---|---|---|---|---|---|
| Library of Congress Classification | ARRUPE LIBRARY | ARRUPE LIBRARY | 22/01/2014 | PR6061.E784 P49 1993 | 464122768 | 22/01/2014 | 22/01/2014 | Monograph ( Printed materials) |